Casas sustentables / (Registro nro. 9765)
[ vista simple ]
| 000 -LEADER | |
|---|---|
| Campo de control de longitud fija | 01727nam a22003137a 4500 |
| 003 - IDENTIFICADOR DEL NÚMERO DE CONTROL | |
| Campo de control | PE SENCICO BE |
| 005 - FECHA Y HORA DE LA ÚLTIMA TRANSACCIÓN | |
| Campo de control | 20260224211014.0 |
| 008 - ELEMENTOS DE LONGITUD FIJA - INFORMACIÓN GENERAL | |
| Campo de control de longitud fija | 251113b |||||||| |||| 00| 0 eng d |
| 020 ## - ISBN | |
| ISBN | 978-9962-04-105-4 |
| 040 ## - FUENTE DE CATALOGACIÓN | |
| Origen de catalogación | PE SENCICO BE |
| Agencia que realiza la transcripción | PE SENCICO BE |
| 041 ## - CÓDIGO DE IDIOMA | |
| Idioma del texto | spa |
| 082 ## - NÚMERO DE CLASIFICACIÓN DECIMAL DEWEY | |
| Código de Clasificación Dewey | 720.47 |
| Notación Interna | A81 |
| 100 1# - ASIENTO PRINCIPAL--NOMBRE PERSONAL | |
| Autor Personal | Asensio, Óscar |
| 9 (RLIN) | 18 |
| Término relacionado | autor |
| 245 1# - MENCIÓN DEL TITULO | |
| Título | Casas sustentables / |
| Mención de responsabilidad | Óscar Asensio ; editor: MeriBlue Stefler ; redacción: Andrea Kormiusza |
| 250 ## - MENCIÓN DE EDICIÓN | |
| Edición | [1a ed.] |
| 260 ## - PUBLICACIÓN, DISTRIBUCIÓN, ETC. (PIE DE IMPRENTA) | |
| Lugar de publicación, distribución, etc. | [China] : |
| Nombre de la Editorial, Distribuidor, etc. | Lexus Editores, |
| Fecha de publicación, distribución, etc. | 2014 |
| 300 ## - DESCRIPCIÓN FÍSICA | |
| Paginación | 199 páginas : |
| Otros detalles físicos | Ilustraciones, planos, textos ; |
| Dimensión | 34 cm. |
| 505 0# - NOTA DE CONTENIDO CON FORMATO PREESTABLECIDOE | |
| Contenido o índice | Cas Dutchess -- casa Meme Meadows -- Casa Georgina -- Casa Leiester -- casa Libesskind -- Casa Zero -- Casa Skyline -- Casa kickinf Horse - Casa Mad Pard -- Casa Os -- Cas la muma -- Casa Shifman -- Casa Homb -- Casa Yn -- Casa Lirchplatz -- Casa Ricardo Pinto -- Casa Nighthawk |
| 520 3# - NOTA DE RESUMEN, ETC. | |
| Resumen, etc. | Una casa inteligentes es una vivienda con un diseño arquitectónico propio y una tecnología avanzada para que las personas que la habitan puedan vivir aún más cómodamente. Con el concepto de diseño arquitectónico se refiere a la creación de espacios y a la organización de la casa en un conjunto que permita llevar a cabo tanto actividades tradicionales como nuevas actividades basadas en las tecnologías de vanguardia. |
| 650 10 - ASIENTO SECUNDARIO DE MATERIA - TERMINO TEMÁTICO | |
| Término de tema o elemento de entrada de nombre geográfico | Arquitectura sostenible |
| 9 (RLIN) | 449 |
| 650 20 - ASIENTO SECUNDARIO DE MATERIA - TERMINO TEMÁTICO | |
| Término de tema o elemento de entrada de nombre geográfico | Arquitectura bioclimática |
| 9 (RLIN) | 450 |
| 650 20 - ASIENTO SECUNDARIO DE MATERIA - TERMINO TEMÁTICO | |
| Término de tema o elemento de entrada de nombre geográfico | Instalaciones eléctricas |
| 9 (RLIN) | 349 |
| 650 20 - ASIENTO SECUNDARIO DE MATERIA - TERMINO TEMÁTICO | |
| Término de tema o elemento de entrada de nombre geográfico | Sistemas de control inteligente |
| 9 (RLIN) | 451 |
| 650 20 - ASIENTO SECUNDARIO DE MATERIA - TERMINO TEMÁTICO | |
| Término de tema o elemento de entrada de nombre geográfico | Sistemas de control digital |
| 9 (RLIN) | 452 |
| 700 1# - ASIENTO SECUNDARIO--NOMBRE PERSONAL | |
| Autor Personal | Kormiusza, Andrea |
| 9 (RLIN) | 45 |
| Término de relación | redactora |
| 700 1# - ASIENTO SECUNDARIO--NOMBRE PERSONAL | |
| Autor Personal | Stefler, MeriBlue |
| 9 (RLIN) | 46 |
| Término de relación | editora |
| 910 ## - RESPONSABLE DEL REGISTRO | |
| Coordinador de procesamiento de la información | hfp |
| 942 ## - ELEMENTOS DE KOHA | |
| Fuente de clasificación o esquema de estanterías | Dewey Decimal Classification |
| Tipo de documento | Libros |
| 999 ## - | |
| -- | 9765 |
| -- | 9765 |
| Estado Retiro | Estado Perdido | Sistema de Clasificación o Esquema de Estantería | Estado Dañado | No es para préstamo | Ubicación Permanente | Ubicación Actual | Fecha de adquisición | Total Checkouts | Signatura topográfica completa | Código de Barras | Date last seen | Precio efectivo desde | Tipo de ítem |
|---|---|---|---|---|---|---|---|---|---|---|---|---|---|
| Dewey Decimal Classification | Biblioteca Arequipa | Biblioteca Arequipa | 13/11/2025 | 720.47/A81 | BibZareq25112526 | 13/11/2025 | 13/11/2025 | Libros |